|
|
|
|
| LEADER |
00000caa a22000002c 4500 |
| 001 |
1632330857 |
| 003 |
DE-627 |
| 005 |
20220607133100.0 |
| 007 |
tu |
| 008 |
150724s2014 xx ||||| 00| ||eng c |
| 035 |
|
|
|a (DE-627)1632330857
|
| 035 |
|
|
|a (DE-576)442569661
|
| 035 |
|
|
|a (DE-599)BSZ442569661
|
| 040 |
|
|
|a DE-627
|b ger
|c DE-627
|e rakwb
|
| 041 |
|
|
|a eng
|
| 100 |
1 |
|
|a DeMichele, Matthew
|0 (DE-588)1047229889
|0 (DE-627)77787802X
|0 (DE-576)304970174
|4 aut
|
| 109 |
|
|
|a DeMichele, Matthew
|a Michele, Matthew de
|
| 245 |
1 |
0 |
|a Studying the community corrections field
|b Applying neo-institutional theories to a hidden element of mass social control
|c Matthew DeMichele
|
| 264 |
|
1 |
|c 2014
|
| 336 |
|
|
|a Text
|b txt
|2 rdacontent
|
| 337 |
|
|
|a ohne Hilfsmittel zu benutzen
|b n
|2 rdamedia
|
| 338 |
|
|
|a Band
|b nc
|2 rdacarrier
|
| 773 |
0 |
8 |
|i In
|t Theoretical criminology
|d London : Sage, 1997
|g 18(2014), 4, Seite 546-564
|w (DE-627)216376157
|w (DE-600)1338484-3
|w (DE-576)058070303
|x 1362-4806
|7 nnas
|
| 773 |
1 |
8 |
|g volume:18
|g year:2014
|g number:4
|g pages:546-564
|
| 951 |
|
|
|a AR
|
| ELC |
|
|
|b 1
|
| LOK |
|
|
|0 000 xxxxxcx a22 zn 4500
|
| LOK |
|
|
|0 001 3284280502
|
| LOK |
|
|
|0 003 DE-627
|
| LOK |
|
|
|0 004 1632330857
|
| LOK |
|
|
|0 005 20150724094101
|
| LOK |
|
|
|0 008 150724||||||||||||||||ger|||||||
|
| LOK |
|
|
|0 040
|a DE-21-110
|c DE-627
|d DE-21-110
|
| LOK |
|
|
|0 689
|a s
|a Community corrections
|
| LOK |
|
|
|0 689
|a s
|a Strafenpolitik
|
| LOK |
|
|
|0 689
|a s
|a Organisationsentwicklung
|
| LOK |
|
|
|0 689
|a s
|a Sozialpolitik
|
| LOK |
|
|
|0 689
|a s
|a Sozialtheorie
|
| LOK |
|
|
|0 852
|z Kein Bestand am IfK; Nachweis für KrimDok
|
| LOK |
|
|
|0 852
|a DE-21-110
|
| LOK |
|
|
|0 852 1
|m v
|9 00
|
| LOK |
|
|
|0 938
|k v
|
| LOK |
|
|
|0 939
|a 24-07-15
|b l01
|
| ORI |
|
|
|a SA-MARC-krimdoka001.raw
|